Responses for Show #7615 - Friday, October 20, 2017

Contestants

[<< previous game]

Kathleen Kosman, an attorney from Dearborn, Michigan

Tim Suba, a public education consultant from Los Angeles, California

Tom Blake, a video producer from New York, New York (whose 1-day cash winnings total $16,601)

[next game >>]

Jeopardy! Round responses

STREAMING EPISODES
(Alex: We will give you a--an episode, and you name the series for us.)
AROUND THE JEOPARDY! LIBRARY
AN EDIFICE COMPLEX
NEVER HAVE I EVER
THE 20th CENTURY
DYSPHEMISMS
(Alex: These are euphemisms on the slightly nasty side.)
    $200 16
The Mindy Project

Kathleen
    $200 6
(Tim: What is England?)

Scotland

TimKathleen
    $200 26
the Tower of London

Tim
    $200 14
Jupiter

Tom
    $200 13
(Al) Capone

Tim
    $200 5
coffee

Tim
    $400 17
The Crown

Triple Stumper
    $400 7
Gideon

Tom
    $400 27
Malaysia

Tim
    $400 15
a sequoia

Kathleen
    $400 12
Pakistan

Tim
    $400 1
the ball and chain

Tom
    $600 20
BoJack Horseman

Kathleen
    $600 8
risotto

Triple Stumper
    $600 28
Sleeping Beauty

Kathleen
    $600 23
The Book of Mormon

Triple Stumper
    $1,000 9
(Alex: He was badly burned, but he survived.)

the Hindenburg

Tom
    $600 2
headshrinker

Tom
    $800 21
The Handmaid's Tale

Tim
    $800 18
(John) Bartlett

Kathleen
    $800 29
[The end-of-round signal sounds.]

Dubai

Tim
    $800 24
the Department of Homeland Security

Tim
    $800 10
holography

Triple Stumper
    $800 3
greasy spoon

Tom
    $1000 22
13 Reasons Why

Triple Stumper
    $1000 19
Czechia

Tim
    $1000 25
(Alex: Less than a minute now.)

Loki

Kathleen
    $1000 11
French forces

Triple Stumper
    $1000 4
(Tom: What are the coal mines?)

the salt mines

TomKathleen

Scores at the first commercial break (after clue 15):

Tom Tim Kathleen
$2,400 $600 $1,600

Scores at the end of the Jeopardy! Round:

Tom Tim Kathleen
$2,400 $4,600 $4,800

Double Jeopardy! Round responses

STREAMING EPISODES
FROM PAGE TO MULTIPLEX
ON THE PERIODIC TABLE
(Alex: Talking chemistry here.)
DOING BUSINESS IN THE 1800s
AFRICAN-AMERICAN WOMEN
"HAL"
    $400 3
(Tim: What is the Rhine?)
(Kathleen: What is the Rhône?)

the Danube

TomTimKathleen
    $400 2
Diary of a Wimpy Kid

Kathleen
    $400 26
platinum

Tim
    $400 16
a saloon

Kathleen
    $400 21
Harriet Tubman

Kathleen
    $400 11
hallucinations

Kathleen
    $800 4
Gauguin

Kathleen
    $800 1
Arrival

Kathleen
    $800 27
(Tom: What is mercury?)

iodine

TomTim
    $800 17
(Kathleen: What are laborers?)

children

Kathleen
Triple Stumper
    $800 22
Loretta Lynch

Tim
    $800 12
hallowed ground

Kathleen
    $1200 6
the Gulf Stream

Tim
    $1200 5
Still Alice

Tim
    $1200 28
radon

Tim
    $2,000 18
a guinea

Kathleen
    $1200 23
(Alex: Less than a minute now.)

Ella Fitzgerald

Tom
    $1200 13
halitosis

Tom
    $1600 7
(Jane) Goodall

Tom
    $1600 9
The Dark Tower

Kathleen
    $1600 29
sodium

Kathleen
    $1600 19
the Luddites

Kathleen
    $1600 24
(Tom: Who is Evers?)
(Alex: Need more. Need the first--)
(Tom: Louisa Evers?)

Myrlie Evers

Tom
Triple Stumper
    $1600 14
halcyon

Tom
    $2,200 8
meander

Tom
    $2000 10
Larry McMurtry

Triple Stumper
    $2000 30
(Alex: Never heard of it myself. Glenn Seaborg, but it's [*].)

seaborgium

Triple Stumper
    $2000 20
a joint stock company

Triple Stumper
    $2000 25
Chisholm

Tom
    $2000 15
a halberd

Kathleen

Scores at the end of the Double Jeopardy! Round:

Tom Tim Kathleen
$10,200 $9,800 $16,400

[wagering suggestions for these scores]

Final Jeopardy! Round responses

BRITISH MONARCHS
(Alex: [To Tim] The Tudor Mary.)
TimWho is Queen Mary I
$9,799
TomWho is Marie Antoinet
$200
KathleenWho is Queen Mary I?
$4,000
Queen Mary I

Final scores:

Tom Tim Kathleen
$10,000 $19,599 $20,400
3rd place: $1,000 2nd place: $2,000 New champion: $20,400

Game dynamics:

Coryat scores:

Tom Tim Kathleen
$9,600 $9,800 $15,600
13 R
(including 2 DDs),
3 W
15 R,
2 W
20 R
(including 1 DD),
2 W

Combined Coryat: $35,000

[game clues] [game scores] [suggest correction]

Game tape date: 2017-08-03
The J! Archive is created by fans, for fans. Scraping, republication, monetization, and malicious use prohibited; this site may use cookies and collect identifying information. See terms. The Jeopardy! game show and all elements thereof, including but not limited to copyright and trademark thereto, are the property of Jeopardy Productions, Inc. and are protected under law. This website is not affiliated with, sponsored by, or operated by Jeopardy Productions, Inc. Join the discussion at JBoard.tv.